|
|
|
|
| LEADER |
00000naa2a2200000 4500 |
| 001 |
614083 |
| 005 |
20231101132805.0 |
| 035 |
|
|
|a (RuTPU)RU\TPU\conf\12247
|
| 035 |
|
|
|a RU\TPU\conf\12062
|
| 090 |
|
|
|a 614083
|
| 100 |
|
|
|a 20150907d2015 k y0rusy50 ba
|
| 101 |
0 |
|
|a eng
|
| 102 |
|
|
|a RU
|
| 105 |
|
|
|a y z 101zy
|
| 135 |
|
|
|a drcn ---uucaa
|
| 181 |
|
0 |
|a i
|
| 182 |
|
0 |
|a b
|
| 200 |
1 |
|
|a Information technology of support psychological research for it-students groups of tomsk polytechnic university
|d Информационнная технология поддержки психологических исследований групп студентов института кибернетики томского политехнического университета
|f M. V. Bobrova
|
| 203 |
|
|
|a Текст
|c электронный
|
| 225 |
1 |
|
|a Математические методы и информационные технологии в психологии и медицине
|
| 230 |
|
|
|a 1 компьютерный файл (pdf; 502 Кb)
|
| 300 |
|
|
|a Заглавие с титульного экрана
|
| 320 |
|
|
|a [Библиогр.: с. 827 (3 назв.)]
|
| 337 |
|
|
|a Adobe Reader
|
| 463 |
|
0 |
|0 (RuTPU)RU\TPU\conf\11725
|t Информационные технологии в науке, управлении, социальной сфере и медицине
|o сборник научных трудов II Международной конференции, 19-22 мая 2015 г., Томск
|f Национальный исследовательский Томский политехнический университет (ТПУ) ; ред. кол. О. Г. Берестнева [и др.]
|v [С. 825-827]
|d 2015
|
| 510 |
1 |
|
|a Информационнная технология поддержки психологических исследований групп студентов института кибернетики томского политехнического университета
|z rus
|
| 610 |
1 |
|
|a труды учёных ТПУ
|
| 610 |
1 |
|
|a электронный ресурс
|
| 700 |
|
1 |
|a Bobrova
|b M. V.
|
| 712 |
0 |
2 |
|a Национальный исследовательский Томский политехнический университет (ТПУ)
|c (2009- )
|2 stltpush
|3 (RuTPU)RU\TPU\col\15902
|
| 801 |
|
2 |
|a RU
|b 63413507
|c 20210129
|g RCR
|
| 856 |
4 |
|
|u http://earchive.tpu.ru/handle/11683/17279
|
| 856 |
4 |
|
|u http://www.lib.tpu.ru/fulltext/c/2015/C24/363.pdf
|
| 942 |
|
|
|c BK
|